Hacia el conocimiento del crimen

Guardat en:
Dades bibliogràfiques
Autor principal: Zamorano Hernández, Manuel (Autor)
Format: Llibre
Idioma:espanyol
Publicat: Santiago Cultura 1961
Col·lecció:Sección de Psicología Criminal y Criminología
Matèries:
Etiquetes: Afegir etiqueta
Sense etiquetes, Sigues el primer a etiquetar aquest registre!

MARC

LEADER 00000nam a2200000 a 4500
001 UCY7523
003 CL-VaPUC
008 950614e19610000CL |||||||||||||||||spa|d
082 0 4 |a 364.3  |b ZAM  |2 21 
100 0 |a Zamorano Hernández, Manuel  |e author  |9 338040 
245 1 0 |a Hacia el conocimiento del crimen 
300 |a 39 p 
942 |c BK 
945 |d 19950614 00:00:00  |a rbrito 
260 |a Santiago  |b Cultura  |c 1961 
650 0 |a Criminología  |9 256168 
650 7 |a DERECHO PENAL  |2 CL-VaPUC  |9 11 
583 |a last modification  |c 19950614 00:00:00  |k Rodrigo Vera 
490 0 |a Sección de Psicología Criminal y Criminología 
999 |c 234876  |d 234874 
952 |0 0  |1 0  |2 ddc  |4 0  |6 364_300000000000000_ZAM_1961  |7 0  |8 A  |9 241645  |a BIBDER  |b BIBDER  |d 2019-11-18  |i 2006243  |o 364.3 ZAM 1961  |p 2006243  |r 2023-01-25  |w 2019-11-18  |y MX  |k DER